000 00789cam a2200301 i 4500
001 0000860
003 DO-SdBNP
005 20240904133748.0
007 0000860
008 100514s 2010 sp a || 000 f spa
015 _a
017 _a
_b
020 _a9788466200165
035 _a
040 _aBPMSU
_bspa
_cBPMSU
_e
080 _a
082 4 _a823.8
_b b 2010
_222
100 1 _aAnholt, Laurence
245 1 0 _aBlancanieves /
_c[ Escrito por Laurence Anholt]
_h
260 _aMadrid, EspaƱa :
_bLibsa,
_c2010.
300 _a[16] p.:
_bil. ;
_c24 cm.
490 0 _aEsmeralda
590 _aInventariado, 2024/VM
650 4 _aCuentos infantiles ingleses
650 4 _aLibros infantiles ilustrados
910 _aVMateo V. Control de calidad. BPMSU
942 _2ddc
_cBK
999 _c12239
_d12239